| 000 | 00340nam a2200145Ia 4500 | ||
|---|---|---|---|
| 008 | 230917s9999||||xx |||||||||||||| ||und|| | ||
| 040 |
_e50247 _aMAIN |
||
| 041 | _aEnglish | ||
| 082 | _a821.8 Y34S:Y | ||
| 100 | _aYeats | ||
| 245 | 0 | _aYeats last poems: A casebook | |
| 260 |
_aLondon _bMacmillan _c1975 |
||
| 300 | _a280 p. | ||
| 942 | _cBK | ||
| 999 |
_c153515 _d153515 |
||